ՀՀ Գիտությունների ազգային ակադեմիայի հիմնարար գիտական գրադարան  =   Fundamental Scientific Library of NAS RA

Приборы и системы автоматизации в нефтяной промышленности / (Record no. 512001)

MARC details
000 -LEADER
fixed length control field 01792nam a2200253 a 4500
003 - CONTROL NUMBER IDENTIFIER
control field AM-YEHGA
001 - CONTROL NUMBER
control field 1608443
005 - DATE AND TIME OF LATEST TRANSACTION
control field 20250617163741.0
008 - FIXED-LENGTH DATA ELEMENTS--GENERAL INFORMATION
fixed length control field 190523s1961 ru a|||frf||||000|0|rus|d
040 ## - CATALOGING SOURCE
Original cataloging agency AM-YeHGA
041 0# - LANGUAGE CODE
Language code of text/sound track or separate title rus
090 ## - LOCALLY ASSIGNED LC-TYPE CALL NUMBER (OCLC); LOCAL CALL NUMBER (RLIN)
-- 515508
245 00 - TITLE STATEMENT
Title Приборы и системы автоматизации в нефтяной промышленности /
Statement of responsibility, etc. Гос. ком. Совета Министров СССР по автоматизации и машиностроению ; НИПИ "Нефтехимавтомат" ; ЦБТИ.
260 ## - PUBLICATION, DISTRIBUTION, ETC.
Place of publication, distribution, etc. Москва :
Name of publisher, distributor, etc. ЦБТИ,
Date of publication, distribution, etc. 1961.
300 ## - PHYSICAL DESCRIPTION
Extent 54 с. :
Other physical details ил. ;
Dimensions 22 см.
490 0# - SERIES STATEMENT
Series statement Приборы и средства механизации и автоматизации ;
Volume/sequential designation IV серия
650 14 - SUBJECT ADDED ENTRY--TOPICAL TERM
Topical term or geographic name entry element Нефтяная промышленность
General subdivision Приборы и системы автоматизации
650 14 - SUBJECT ADDED ENTRY--TOPICAL TERM
Topical term or geographic name entry element Контрольно-измерительные инструменты и приборы в химической промышленности, автоматические
650 14 - SUBJECT ADDED ENTRY--TOPICAL TERM
Topical term or geographic name entry element Химические производства
General subdivision Автоматизация
710 2# - ADDED ENTRY--CORPORATE NAME
Corporate name or jurisdiction name as entry element Государственный комитет Совета Министров СССР по автоматизации и машиностроению
710 2# - ADDED ENTRY--CORPORATE NAME
Corporate name or jurisdiction name as entry element Научно-исследовательский и проектный институт по комплексной автоматизации производственных процессов в нефтяной и химической промышленности НИПИ "Нефтехимавтомат"
710 2# - ADDED ENTRY--CORPORATE NAME
Corporate name or jurisdiction name as entry element Центральное Бюро технической информации (ЦБТИ)
942 ## - ADDED ENTRY ELEMENTS (KOHA)
Source of classification or shelving scheme Universal Decimal Classification
Koha item type Գրքեր / Books
Holdings
Withdrawn status Lost status Source of classification or shelving scheme Damaged status Not for loan Collection Home library Current library Date acquired Total checkouts Full call number Barcode Date last seen Price effective from Koha item type Public note
    Universal Decimal Classification     General Fundamental Scientific Library Fundamental Scientific Library 15/07/2021   PII/56920 FL0653608 15/07/2021 15/07/2021 Գրքեր / Books 30 Days Loan


ՀՀ ԳԱԱ հիմնարար գիտական գրադարան
ՀՀ,Երևան 0019
Մարշալ Բաղրամյան 24/6
հեռախոս:(374-10) 52-47-50
Հետադարձ կապ

All site content, except where otherwise noted, is licensed under a
Creative Commons License